Jetpack Joyride Vehicles - Statistics

General Stats
  • This quiz has been taken 26 times
  • The average score is 6 of 12
Answer Stats
Vehicle % Correct
Base S.A.M.
86%
Base Lil’ Stomper
71%
Base Mr. Cuddles
67%
Base Bad As Hog
62%
Base Crazy Freaking Teleporter
62%
Base Gravity Suit
62%
Base Profit Bird
52%
DLC DeLorean Time Machine
43%
DLC Wave Rider
38%
DLC Sleigh of Awesome
33%
DLC Ecto-1
29%
DLC Hoverboard
29%
No matching quizzes found
Score Distribution
Percent of People with Each Score
Percentile by Number Answered
Your Score History
You have not taken this quiz